000 00572nam a2200181 i 4500
001 62993
003 ES-MaACL
005 20230906164749.0
007 t|
008 031127s1982 sp ||||1| spa d
100 0 _aFernández Ordóñez, Francisco.
_949968
245 1 0 _aPalabras en libertad /
_cFrancisco Fernández Ordóñez ; [conversaciones con Eduardo García Rico].
250 _a[1ª ed.].
260 _aBarcelona :
_bArgos Vergara,
_c[1982]
300 _a269 p., 8 lám. ;
_c22 cm.
700 1 _aRico, Eduardo G.
_997011
852 _aES-MaACL
_jL-2797
_bR.103268
999 _c62993
_d62993